00420nam a2200145Ia 4500008004100000040001900041041001200060082002000072245007900092260004000171300001900211650000800230700002200238850001400260131103s9999 xx 000 0 und d aLoreto College aEnglish aREFbLCBED/7491 aBhargava's concise dictionary of the hindi languagecedited by R.C.Pathak aVaranasibBhargava book depotc1977 a1040p c 10cm. aREF aPathak, R.C. ;ed. aLCBED/REF